|
|
|
|
| LEADER |
00000cam a2200000 7i4500 |
| 001 |
0000004232 |
| 005 |
20240930.0 |
| 008 |
991210 -uk eng |
| 020 |
|
|
|a 0566022486
|
| 040 |
|
|
|a INS
|b eng
|e rda
|
| 090 |
0 |
0 |
|a HF5549.5
|b .R3 1983
|
| 100 |
1 |
|
|a Stewart, Valerie ,
|e author
|
| 245 |
1 |
0 |
|a Managing the poor performer
|c Valerie Stewart and Andrew Stewart
|
| 264 |
|
1 |
|a Aldershot :
|b Gower
|c 1983
|
| 264 |
|
4 |
|c ©1983
|
| 300 |
|
|
|a viii, 178 pages ;
|c 21 cm.
|
| 336 |
|
|
|a text
|2 rdacontent
|
| 337 |
|
|
|a unmediated
|2 rdamedia
|
| 338 |
|
|
|a volume
|2 rdacarrier
|
| 500 |
|
|
|a Includes index
|
| 650 |
|
0 |
|a Employees, Rating of
|
| 700 |
1 |
|
|a Stewart, Andrew ,
|e author
|
| 999 |
|
|
|a 0000000062
|b BOOK
|c Open Shelf
|e Default branch
|